000 00250nam a2200097Ia 4500
001 1059497
005 20250827001459.0
008 250824s9999 xx 000 0 und d
245 0 _aZAMANIN BEKÇİLERİ
_cŞEBNEM PİŞKİN
260 _bPANAMA YAYINLARI
999 _c1059497
_d1059497